00489nam a22001217a 4500008004100000020001500041050002200056245018600078260004300264300002200307440002200329700001600351140822b xxu||||| |||| 00| 0 eng d a0406091676 aKD275.4.L39(1892) aThe Law Reports of the Incorporated Council of Law Reporting, Appeal Cases(1892): House of Lords, Judicial Committee of the Privy Council, and Peerage Cases. /cedited by A.P. Stone aLondon:bButterworth & Co. Ltd,c1892. axiv, 676p.c24cm. pAppeal cases 1872 aStone, A.P.